مصادر و أحكام الالتزام : دراسة مقارنة / (Record no. 110841)

MARC details
000 -LEADER
fixed length control field 00667nam a22002057a 4500
005 - DATE AND TIME OF LATEST TRANSACTION
control field 20251108173724.0
008 - FIXED-LENGTH DATA ELEMENTS--GENERAL INFORMATION
fixed length control field 250721s2006 xx 000 0 ara d
082 14 - DEWEY DECIMAL CLASSIFICATION NUMBER
Classification number م/346.02/حجا
100 1# - MAIN ENTRY--PERSONAL NAME
Personal name الجمال، مصطفى
245 10 - TITLE STATEMENT
Title مصادر و أحكام الالتزام : دراسة مقارنة /
264 1# - PRODUCTION, PUBLICATION, DISTRIBUTION, MANUFACTURE, AND COPYRIGHT NOTICE
Place of production, publication, distribution, manufacture بيروت :
Name of producer, publisher, distributor, manufacturer منشورات الحلبي الحقوقية،
Date of production, publication, distribution, manufacture, or copyright notice 2006.
300 ## - PHYSICAL DESCRIPTION
Extent 695ص.
650 17 - SUBJECT ADDED ENTRY--TOPICAL TERM
Topical term or geographic name as entry element العقود
650 17 - SUBJECT ADDED ENTRY--TOPICAL TERM
Topical term or geographic name as entry element الالتزام
650 17 - SUBJECT ADDED ENTRY--TOPICAL TERM
Topical term or geographic name as entry element القانون الخاص
700 1# - ADDED ENTRY--PERSONAL NAME
Personal name أبو السعود، رمضان محمد
700 1# - ADDED ENTRY--PERSONAL NAME
Personal name سعد، نبيل إبراهيم
942 ## - ADDED ENTRY ELEMENTS (KOHA)
Source of classification or shelving scheme Dewey Decimal Classification
Koha item type References
Holdings
حالة السحب حالة الفقدان مصدر التصنيف حالة التلف غير قابل للإعارة المكتبة الرئيسية المكتبة الحالية موقع الرف تاريخ التزويد الرقم المتسلسل Total Checkouts رقم الإستدعاء الباركود تاريخ آخر ظهور تاريخ الفاتورة نوع المادة (كوها)
    Dewey Decimal Classification   Not For Loan المكتبة المركزية المكتبة المركزية مراجع 28/07/2025 1160666   م/346.02/حجا 1160666 28/07/2025 28/07/2025 References
Implemented & Customized by: BBB with SCIT (Smart Chains for Information Technology)

Powered by Koha